00934cam a2200265Ia 450000100060000000300080000600500170001400800410003102000230007202000220009503500190011704000750013608200250021124501300023624600250036626000450039130000280043650000220046465000240048665000290051065100310053970000410057070000210061170000360063236072BD-RjUL20211209052429.0140616s2014 nyuab 001 0 eng d a9781600571824pbk.) a1600571824 (pbk.) a(BD-RjUL)36169 aBTCTAbengcBTCTAdYDXCPdDADdSAPdWCHdEYPdOCLCQdBDXdZR1dBD-RjUL aP 031.0205bWOR 201404aThe world almanac and book of facts, 2014 /c[Senior Editor : Sarah Janssen; Editor :M.L. Liu; Associate Editor: Shmuel Ross]18aWorld almanac, 2014. aNew York :bWorld Almanac Books,cc2014. a1007 p. :bill.c26 cm. aIncludes indexes. 0aAlmanacs, American. 0aStatisticsvPeriodicals. 0aUnited StatesvStatistics.1 aJanssen, Sarah. Senior Editord1982-1 aLiu, M.L. Editor1 aRoss, Shmuel, Associate Editor